000
00305nam a2200133Ia 4500
100
_a
Rabacy/Jan M
942
_c
BK
654
_a
integrated
245
_a
Digital integrated circuits
260
_b
Prentice Hall of India
_a
New Delhi
_c
2003
082
_a
621.3815
_b
RAB
300
_a
761
546
_a
ENGLISH
999
_c
31836
_d
31836